000 00790nam a22002057a 4500
999 _c370757
_d370757
008 201130b ||||| |||| 00| 0 eng d
040 _bger
_cDE-2950
_erda
_aDE-2950
041 _ager
100 _aMahlke, Lisa:
245 _aWarum sich Jugendliche in Frankfurt immunisieren lassen.
_bCorona: Im Impfzentrum an den Messehallen haben seit Anfang August 163 Kinder und Jugendliche ihr erstes Vakzin bekommen /
_cLisa Mahlke
264 _c2021
653 _aFrankfurt (Oder)
653 _aPandemie / Corona
653 _aImpfung
773 _dFrankfurt (Oder): Märkisches Verlags- und Druckhaus GmbH & Co KG
_g32. Jahrgang (2021) Nr. 200 vom 28./29.08.2021, S. 13: Foto
_tMärkische Oderzeitung
942 _cA